[Event "1 x 0"]
[Site "http://www.queenalice.com/game.php?id=425894"]
[Date "2008.7.1"]
[Round "-"]
[White "fferraz"]
[Black "ricardoabe"]
[Result "0-1"]
[WhiteElo "1563"]
[BlackElo "1582"]

1. Nc3 e5 2. d4 d6 3. e4 f5 4. Bc4 Nc6 5. dxe5 Nxe5 6. Qd5 Nxc4 7. Qxc4 fxe4 8.
Nxe4 d5 9. Qe2 dxe4 10. Qxe4+ Qe7 11. f3 Qxe4+ 12. fxe4 Be6 13. Bg5 h6 14. Bf4
g5 15. Be5 Rh7 16. O-O-O Bxa2 17. Ne2 Bc4 18. Nc3 Rd7 19. b3 Rxd1+ 20. Rxd1 Be6
21. Bxc7 Rc8 22. Nb5 a6 23. Nd6+ Bxd6 24. Rxd6 Ke7 25. c4 Rxc7 26. e5 Rc6 27.
Rd4 b5 28. Kc2 bxc4 29. b4 Rb6 30. Rxc4 Bxc4 0-1

[Event "1 x 1"]
[Site "http://www.queenalice.com/game.php?id=426623"]
[Date "2008.7.3"]
[Round "-"]
[White "ricardoabe"]
[Black "fferraz"]
[Result "1-0"]
[WhiteElo "1605"]
[BlackElo "1512"]

1. e4 d5 2. f3 dxe4 3. fxe4 Nf6 4. Nc3 Bg4 5. Be2 h5 6. Bxg4 hxg4 7. h3 Qd4 8.
Nb5 Qc5 9. Qe2 g3 10. d4 Qh5 11. Nxc7+ Kd8 12. Nxa8 Nc6 13. d5 Nd4 14. Qd3 e5
15. Ne2 Nd7 16. Nxg3 Nc5 17. Qc3 Be7 18. Nxh5 Bh4+ 19. g3 Nxe4 20. Qc7+ Ke8 21.
Qxe5+ Ne6 22. dxe6 f6 23. Nxg7+ Ke7 24. Nf5+ Kf8 25. Qb8# 1-0

[Event "Challenge"]
[Site "http://www.queenalice.com/game.php?id=429928"]
[Date "2008.7.8"]
[Round "-"]
[White "clodoaldopaiva"]
[Black "ricardoabe"]
[Result "1-0"]
[WhiteElo "1517"]
[BlackElo "1629"]

1. e4 e5 2. Qf3 Qf6 3. Qc3 Na6 4. Nf3 Bb4 5. Qc4 d6 6. c3 Bc5 7. d4 exd4 8. cxd4
Bb4+ 9. Nc3 Bxc3+ 10. Qxc3 c5 11. e5 dxe5 12. dxe5 Qc6 13. a4 Qe4+ 14. Be2 Qb4
15. Bb5+ Bd7 16. Bd2 Qxc3 17. Bxc3 Nb4 18. Bxd7+ Kxd7 19. Bxb4 cxb4 20. Rd1+ Ke7
21. O-O Rd8 22. Nd4 g6 23. Rd3 f6 24. exf6+ Nxf6 25. Re1+ Kf7 26. Rde3 Nd5 27.
Rf3+ Kg7 28. Ne6+ Kh6 29. Rh3# 1-0

[Event "Challenge"]
[Site "http://www.queenalice.com/game.php?id=430603"]
[Date "2008.7.9"]
[Round "-"]
[White "Johansen"]
[Black "ricardoabe"]
[Result "1/2-1/2"]
[WhiteElo "1427"]
[BlackElo "1599"]

1. e4 e5 2. d3 d5 3. exd5 Qxd5 4. c4 Qa5+ 5. Bd2 Qc5 6. Qe2 f6 7. a3 Qd4 8. Bc3
Qd6 9. b4 c5 10. f4 Nd7 11. fxe5 fxe5 12. Nf3 cxb4 13. Bxb4 Qf6 14. Nc3 Bxb4 15.
axb4 Qf5 16. d4 Kf7 17. dxe5 Nf8 18. h3 b6 19. g4 Qf4 20. Bg2 Qg3+ 21. Qf2 Qxf2+
22. Kxf2 Be6 23. Ng5+ Kg6 24. Bxa8 Kxg5 25. Kg3 Ng6 26. Bd5 Bxd5 27. Nxd5 Nxe5
28. h4+ Kg6 29. h5+ Kg5 30. Rae1 Nxg4 31. Re4 N4f6 32. Re5+ Kh6 33. Kh4 Nxd5 34.
cxd5 Nf6 35. Re6 Rd8 36. d6 g5+ 37. Kg3 Kg7 38. h6+ Kf7 39. Re7+ Kf8 40. Rxa7
Ne4+ 41. Kg4 Nf2+ 42. Kxg5 Nxh1 43. Rxh7 Rxd6 44. Rb7 Kg8 45. h7+ Kh8 46. Kf5
Ng3+ 47. Ke5 Rh6 48. Kd5 Nh5 49. Kc4 Nf6 50. Rxb6 Kxh7 51. Rc6 Ne4 52. Rxh6+
Kxh6 53. b5 Nd6+ 54. Kc5 Nxb5 55. Kxb5 Kg5 56. Kc5 Kf5 1/2-1/2

[Event "Challenge"]
[Site "http://www.queenalice.com/game.php?id=433104"]
[Date "2008.7.14"]
[Round "-"]
[White "clodoaldopaiva"]
[Black "ricardoabe"]
[Result "1-0"]
[WhiteElo "1535"]
[BlackElo "1609"]

1. e4 e5 2. d4 exd4 3. Qxd4 Nc6 4. Qd1 d6 5. Bc4 Be6 6. f4 Bxc4 7. Na3 d5 8. b3
Ba6 9. exd5 Qe7+ 10. Ne2 Bxe2 11. Qxe2 Nd4 12. Qxe7+ Bxe7 13. Bb2 Bxa3 14. Bxd4
Bb4+ 15. c3 c5 16. Bxg7 Bxc3+ 17. Bxc3 f6 18. d6 O-O-O 19. Rd1 Re8+ 20. Kf2 h5
21. d7+ 1-0

[Event "2 x 1"]
[Site "http://www.queenalice.com/game.php?id=433610"]
[Date "2008.7.15"]
[Round "-"]
[White "fferraz"]
[Black "ricardoabe"]
[Result "0-1"]
[WhiteElo "1477"]
[BlackElo "1590"]

1. Nf3 d6 2. d4 e5 3. dxe5 dxe5 4. Bg5 Qxd1+ 5. Kxd1 f6 6. Bd2 e4 7. Nd4 Bd7 8.
Nc3 f5 9. Nd5 Bd6 10. Bb4 Na6 11. a3 Bxb4 12. axb4 c6 13. b5 cxd5 14. bxa6 bxa6
15. Rxa6 Nf6 16. e3 Ng4 17. Ke1 O-O 18. h3 Nh6 19. c4 dxc4 20. Bxc4+ Nf7 21. Be6
Bxe6 22. Nxe6 Rfc8 23. f3 Rc1+ 24. Kf2 Rxh1 25. fxe4 fxe4 26. Nc7 Rf8 27. Rxa7
Ne5+ 28. Kg3 Rg1 29. Kh2 Re1 30. Ne6 Rxe3 31. Rxg7+ Kh8 32. Rg5 Ng6 33. b4 Rb3
34. h4 Rf6 35. Nd4 Rxb4 36. Nc2 Rb2 37. Ne3 Nxh4 38. Nd5 Rg6 39. Rh5 Rgxg2+ 40.
Kh3 Rh2+ 41. Kg3 Rbg2+ 42. Kf4 Ng6+ 43. Ke3 Rxh5 44. Nf6 Rh3+ 45. Kxe4 Re2+ 46.
Kf5 Rh4 47. Nd7 Kg7 48. Kg5 Rf2 0-1

[Event "Challenge"]
[Site "http://www.queenalice.com/game.php?id=437251"]
[Date "2008.7.22"]
[Round "-"]
[White "ricardoabe"]
[Black "clodoaldopaiva"]
[Result "0-1"]
[WhiteElo "1601"]
[BlackElo "1560"]

1. h4 e5 2. d4 Qe7 3. dxe5 Qxe5 4. f4 Qc5 5. e4 d6 6. Qd3 Bd7 7. Qc3 Qb6 8. Be3
c5 9. Na3 Nf6 10. Nc4 Qc6 11. Bd3 Nxe4 12. Bxe4 Qxe4 13. Kf2 Be7 14. Nf3 f6 15.
Ncd2 Qf5 16. Nc4 d5 17. Na5 d4 18. Bxd4 Nc6 19. Nb3 Nxd4 20. Nfxd4 cxd4 21. Qxd4
Qxc2+ 22. Qd2 Bc5+ 23. Kg3 Qg6+ 24. Kh2 Rc8 25. Rhe1+ Be7 26. Qe3 Qf7 27. Rad1
Bg4 28. Rd2 O-O 29. Qxe7 Qh5 30. Rd7 Bxd7 31. Qxd7 Qxh4+ 0-1

[Event "Challenge"]
[Site "http://www.queenalice.com/game.php?id=437485"]
[Date "2008.7.23"]
[Round "-"]
[White "RicardoFialho"]
[Black "ricardoabe"]
[Result "0-1"]
[WhiteElo "1924"]
[BlackElo "1579"]

1. e4 e5 2. Nf3 Nc6 3. Nc3 Nf6 4. a3 d5 5. Nxd5 Nxd5 6. exd5 Qxd5 7. h3 Be7 8.
d3 Nd4 9. Nxd4 exd4 10. Bd2 h5 11. Qe2 Be6 12. Rg1 Bf6 13. Qe4 O-O-O 14. Qxd5
Rxd5 15. Be2 g5 16. Rh1 g4 17. h4 b6 18. g3 c5 19. O-O-O Re5 20. Rhe1 Bd5 21.
Kb1 Bf3 22. Bxf3 gxf3 23. Rxe5 Bxe5 24. Re1 f6 25. Re4 Re8 26. c3 f5 27. Re1 Kd7
28. c4 Bd6 29. Rxe8 Kxe8 30. b4 Bxg3 31. Be1 Bxh4 32. bxc5 bxc5 33. Kb2 Bd8 34.
Bd2 h4 35. Bf4 Kd7 36. Kc2 Bc7 37. Bg3 Bxg3 38. fxg3 hxg3 39. Kd1 g2 40. Kd2 f2
41. Kc2 f1=Q 42. Kb3 Qd1+ 0-1

[Event "Challenge"]
[Site "http://www.queenalice.com/game.php?id=442467"]
[Date "2008.8.2"]
[Round "-"]
[White "clodoaldopaiva"]
[Black "ricardoabe"]
[Result "0-1"]
[WhiteElo "1581"]
[BlackElo "1583"]

1. e4 e5 2. Bc4 Nf6 3. d3 c6 4. Nf3 d5 5. Bb3 dxe4 6. Ng5 h6 7. Nxf7 Qd4 8. Nxh8
Ng4 9. Be3 Nxe3 10. fxe3 Qxe3+ 11. Kf1 Qf4+ 12. Ke1 Bg4 13. Ng6 Qe3+ 14. Kf1
Bxd1 15. Nc3 exd3 16. Nxd1 Qe2+ 0-1

[Event "ricardoabe"]
[Site "http://www.queenalice.com/game.php?id=447437"]
[Date "2008.8.11"]
[Round "-"]
[White "foda"]
[Black "ricardoabe"]
[Result "0-1"]
[WhiteElo "1323"]
[BlackElo "1635"]

1. e4 e5 2. Bc4 Nf6 3. d3 Nc6 4. Bg5 h6 5. Qf3 hxg5 6. Qg3 Nh5 7. Qh3 Nb4 8. Bb3
d6 9. Qf3 f6 10. a3 Nc6 11. Nc3 Nd4 12. Qe3 Nxb3 13. cxb3 Nf4 14. Qg3 c6 15.
Nge2 Nxe2 16. Nxe2 d5 17. Rd1 f5 18. exf5 Bxf5 19. Qxe5+ Qe7 20. Qxf5 Rh6 21.
O-O g6 22. Qg4 Rh4 23. Qg3 Qd6 24. Rfe1 O-O-O 25. Rf1 Qxg3 26. fxg3 Rh6 27. Nd4
Bc5 28. Kh1 Bxd4 29. b4 Rdh8 30. a4 Rxh2# 0-1

[Event "Challenge"]
[Site "http://www.queenalice.com/game.php?id=447539"]
[Date "2008.8.12"]
[Round "-"]
[White "clodoaldopaiva"]
[Black "ricardoabe"]
[Result "0-1"]
[WhiteElo "1579"]
[BlackElo "1592"]

1. e3 e5 2. Qf3 Nc6 3. Bc4 Nf6 4. g4 d5 5. Bb5 Bxg4 6. Qg3 Qd6 7. Bxc6+ bxc6 8.
h3 Bh5 9. d3 e4 10. dxe4 Nxe4 11. Qf4 g5 12. Qxd6 Bxd6 13. Nd2 f5 14. Nxe4 dxe4
15. h4 g4 16. Bd2 g3 17. Ne2 g2 18. Rh3 Bxe2 19. Kxe2 Rg8 20. Rg1 O-O-O 21. f3
exf3+ 22. Kxf3 Be5 23. Rxg2 Rxg2 24. Bc3 Bxc3 25. Kxg2 Bxb2 26. h5 Rd2+ 27. Kf3
Rxc2 28. Rg3 c5 29. h6 Rh2 30. Rg5 Rxh6 31. Rxf5 Rf6 32. e4 Rxf5+ 33. exf5 c4
34. Ke2 h5 35. Kd1 h4 36. Kc2 Bh8 0-1

[Event "Challenge"]
[Site "http://www.queenalice.com/game.php?id=448437"]
[Date "2008.8.14"]
[Round "-"]
[White "ricardoabe"]
[Black "Grant_Lee_Buffalo"]
[Result "0-1"]
[WhiteElo "1607"]
[BlackElo "1716"]

1. d4 d5 2. Nc3 g6 3. Nf3 Nc6 4. e4 e6 5. e5 a6 6. h4 Nge7 7. Bg5 h6 8. Bxe7
Qxe7 9. h5 g5 10. g4 Bd7 11. Na4 Qb4+ 12. c3 Qe7 13. b4 b6 14. a3 Kd8 15. b5
axb5 16. Bxb5 Qe8 17. c4 Ne7 18. Qc2 Bxb5 19. cxb5 Qxb5 20. Nc3 Qa5 21. Qb3 Nc6
22. Qb5 Qxc3+ 0-1

[Event "Challenge"]
[Site "http://www.queenalice.com/game.php?id=451616"]
[Date "2008.8.21"]
[Round "-"]
[White "clodoaldopaiva"]
[Black "ricardoabe"]
[Result "0-1"]
[WhiteElo "1600"]
[BlackElo "1609"]

1. e4 e5 2. Nf3 d6 3. d4 f5 4. Nc3 c6 5. Bc4 Nf6 6. dxe5 fxe4 7. Ng5 d5 8. Bb3
Ng4 9. e6 Ne5 10. Bf4 Qf6 11. Nxd5 cxd5 12. Qxd5 Qxf4 13. Qb5+ Nbc6 14. Nf7 Bb4+
15. Kf1 e3 16. f3 Nxf3 17. gxf3 Qxf3+ 18. Kg1 Qf2# 0-1

[Event "Challenge"]
[Site "http://www.queenalice.com/game.php?id=458183"]
[Date "2008.9.4"]
[Round "-"]
[White "clodoaldopaiva"]
[Black "ricardoabe"]
[Result "0-1"]
[WhiteElo "1473"]
[BlackElo "1625"]

1. e4 e5 2. d3 d5 3. Nd2 d4 4. c3 c5 5. Nc4 Nc6 6. cxd4 cxd4 7. Qa4 Bd7 8. Nxe5
Nxe5 9. Qxd4 f6 10. Bf4 Qa5+ 11. b4 Bxb4+ 12. Bd2 Bxd2+ 13. Kd1 Bc3 14. Qe3 Bxa1
15. d4 Qa4+ 16. Ke1 Bxd4 17. Qb3 Qa5+ 18. Ke2 Bb5+ 19. Kd1 Bxf1 20. Qxb7 Qa4+
21. Kd2 Qxa2+ 22. Kd1 Rd8 23. Ne2 Bxe2+ 24. Ke1 Nd3# 0-1

[Event "Challenge"]
[Site "http://www.queenalice.com/game.php?id=473853"]
[Date "2008.10.7"]
[Round "-"]
[White "clodoaldopaiva"]
[Black "ricardoabe"]
[Result "1-0"]
[WhiteElo "1487"]
[BlackElo "1635"]

1. e4 e5 2. d4 exd4 3. Qxd4 c5 4. Qa4 Nc6 5. Nf3 f6 6. Bc4 Qa5+ 7. Nc3 Qxa4 8.
Nxa4 Nd4 9. Nxd4 cxd4 10. c3 dxc3 11. bxc3 g6 12. O-O f5 13. exf5 gxf5 14. Re1+
Be7 15. Bf4 Kd8 16. Be5 Nf6 17. h3 Rf8 18. Bd3 d6 19. Bf4 Bd7 20. Bc2 Bxa4 21.
Bxa4 Nd5 22. Bd2 Nb6 23. Bb3 d5 24. Re5 Bd6 25. Re6 Bc5 26. Be3 Bxe3 27. fxe3
Kd7 28. Rh6 Rh8 29. a4 Nc4 30. Bxc4 dxc4 31. Rh5 Raf8 32. Rf1 Ke6 33. Rh6+ Rf6
34. Rxf6+ Kxf6 35. e4 Rf8 36. Rxf5+ Ke7 37. g4 Rxf5 38. gxf5 Kf6 39. Kg2 a6 40.
Kf3 Ke5 41. a5 h5 42. Ke3 h4 43. f6 Kxf6 44. Kd4 Ke6 45. Kxc4 Ke5 46. Kd3 Kf4
47. Kd4 Kg3 48. e5 Kxh3 49. e6 Kg2 50. e7 h3 51. e8=Q h2 52. Qe4+ Kg1 53. Kc5
h1=Q 54. Qxh1+ Kxh1 55. Kb6 1-0

[Event "Challenge"]
[Site "http://www.queenalice.com/game.php?id=494781"]
[Date "2008.11.18"]
[Round "-"]
[White "clodoaldopaiva"]
[Black "ricardoabe"]
[Result "0-1"]
[WhiteElo "1482"]
[BlackElo "1625"]

1. e4 e5 2. d4 Bd6 3. Nf3 f6 4. dxe5 Bxe5 5. Bc4 Ne7 6. Nc3 Bxc3+ 7. bxc3 c6 8.
Ba3 d5 9. exd5 Nxd5 10. Qe2+ Kf7 11. Rd1 Re8 12. Ne5+ Rxe5 13. Bxd5+ cxd5 14.
Rxd5 Qxd5 15. c4 Rxe2+ 16. Kxe2 Qxc4+ 17. Kd2 Bf5 18. Bd6 Qxc2+ 19. Ke3 Qd3+ 20.
Kf4 Qxd6+ 21. Kxf5 Qd4 22. Rc1 g6# 0-1

[Event "Challenge"]
[Site "http://www.queenalice.com/game.php?id=494860"]
[Date "2008.11.18"]
[Round "-"]
[White "clodoaldopaiva"]
[Black "ricardoabe"]
[Result "0-1"]
[WhiteElo "1511"]
[BlackElo "1639"]

1. e4 e5 2. Nf3 Nc6 3. c3 g6 4. d4 exd4 5. Nxd4 a6 6. Bc4 Nf6 7. Qf3 h5 8. Bg5
Bg7 9. Bd5 Ne5 10. Qh3 c6 11. Nf5 cxd5 12. Nd6+ Kf8 13. exd5 Qe7 14. Nxc8 Rxc8
15. Bxf6 Bxf6 16. O-O Qd6 17. b3 Qxd5 18. c4 Qd4 19. Nc3 Qd3 20. Nd5 Qxh3 21.
gxh3 Nf3+ 22. Kg2 Bxa1 23. Rxa1 Nh4+ 24. Kh1 Re8 25. Nf6 Re2 26. Kg1 Ke7 27.
Nd5+ Kd6 28. Rd1 Kc5 29. Nc3 Rhe8 30. Nxe2 Rxe2 31. Kf1 Rxa2 32. Rxd7 Ra1+ 33.
Ke2 b5 34. Rd5+ Kb4 35. c5 Rc1 36. Rd4+ Kxb3 37. Rxh4 Rxc5 38. Rf4 Rc7 39. Rf3+
Ka4 40. Rf6 Ka5 41. f4 b4 42. f5 gxf5 43. Rxf5+ Ka4 44. Rxh5 b3 45. Rd5 b2 46.
Rd4+ Ka3 47. Rd3+ Ka2 48. Rd2 Ka1 49. Rd6 Ra7 50. Rd1+ b1=Q 51. Kd2 Rd7+ 0-1

[Event "Challenge"]
[Site "http://www.queenalice.com/game.php?id=501434"]
[Date "2008.12.2"]
[Round "-"]
[White "clodoaldopaiva"]
[Black "ricardoabe"]
[Result "1-0"]
[WhiteElo "1500"]
[BlackElo "1650"]

1. e4 e5 2. Nf3 Nc6 3. d3 d5 4. Nc3 Bb4 5. a3 Bxc3+ 6. bxc3 dxe4 7. dxe4 Nf6 8.
Bd3 Ng4 9. Bg5 f6 10. Bh4 g6 11. Bb5 a6 12. Bxc6+ bxc6 13. h3 g5 14. hxg4 gxh4
15. Rxh4 Qxd1+ 16. Rxd1 Rb8 17. Rh6 Kf7 18. g5 fxg5 19. Nxg5+ Kg7 20. Rxc6 h6
21. Ne6+ Bxe6 22. Rxe6 Rhd8 23. Rxa6 Rxd1+ 24. Kxd1 Rd8+ 25. Kc1 h5 26. Ra5 Kf6
27. g3 Rf8 28. f4 exf4 29. gxf4 Kg6 30. f5+ Kg5 31. f6+ Kg4 32. Ra4 Kf4 33. Ra5
Kg4 34. e5 h4 35. e6 Rxf6 36. Ra4+ Kg3 37. e7 Rf1+ 38. Kd2 Rf2+ 39. Kd3 Rf3+ 40.
Kc4 Rf4+ 41. Kb3 h3 42. e8=Q h2 43. Qe3+ Rf3 44. Qg5+ Kf2 45. Rh4 1-0

[Event "Challenge"]
[Site "http://www.queenalice.com/game.php?id=542804"]
[Date "2009.2.19"]
[Round "-"]
[White "clodoaldopaiva"]
[Black "ricardoabe"]
[Result "1-0"]
[WhiteElo "1519"]
[BlackElo "1628"]

1. e4 e5 2. Nf3 Nc6 3. Bc4 d6 4. d3 h6 5. h4 Bg4 6. Be3 Nf6 7. Nc3 Na5 8. h5 g6
9. Qd2 Nxc4 10. dxc4 Bxh5 11. Nd5 Nxe4 12. Qd3 Nc5 13. Bxc5 b6 14. Bb4 1-0